| 000 | 00981nam a2200301Ia 4500 | ||
|---|---|---|---|
| 005 | 20220317001015.0 | ||
| 008 | 160825s2006 ck g 000 0 spa | ||
| 020 | _a97895804563012 | ||
| 100 | 1 |
_aReyes, Yolanda _d1959- |
|
| 245 | 1 | 4 |
_aLos años terribles _cYolanda Reyes |
| 250 | _a5a. reimpresión | ||
| 300 |
_a190 páginas _c21 cm |
||
| 490 | _aZona libre | ||
| 500 | _aIncluye datos biográficos | ||
| 586 | _aPremio Norma Fundalectura 1999 | ||
| 650 | 1 | 4 |
_2LEMB _aNovela colombiana _ySiglo XX |
| 650 | 1 | 4 |
_2LEMB _aLiteratura colombiana _ySiglo XX |
| 650 | 1 | 4 |
_2LEMB _aAmistad en la literatura |
| 650 | 1 | 4 |
_2LEMB _aMujeres adolescentes en la literatura |
| 650 | 1 | 4 |
_2LEMB _aRelaciones de familia en la literatura |
| 942 |
_2loc _cBKLIT |
||
| 264 |
_aBogotá _bNorma _c2006 |
||
| 336 |
_atexto _btxt _2rdacontent |
||
| 337 |
_asin mediación _bn _2rdamedia |
||
| 338 |
_avolumen _bnc _2rdacarrier |
||
| 040 |
_aCO-BoRNBP _bspa _erda _cCO-BoRNBP |
||
| 084 | _aN REY3 | ||
| 999 |
_c5654 _d5654 |
||